| 000 | 00517nam a2200181Ia 4500 | ||
|---|---|---|---|
| 003 | GCL | ||
| 005 | 20240530095921.0 | ||
| 008 | 140319s9999 xx 000 0 eng d | ||
| 040 |
_aGCL / _cGCL |
||
| 082 | 0 | 4 |
_a787.87 _bM S |
| 100 | 1 | _aMARTEN,NEVILLE | |
| 245 | 1 | 0 |
_aSTAR GUITARS: GUITARS AND PLAYERS THAT HAVE HELPE A SHAPE MODERN MUSIC / _cMARTEN,NEVILLE |
| 260 |
_a[S.N] : _bMUSIC MAKER BOOKS I T D ، _c1994 |
||
| 300 | _a105P | ||
| 650 | 0 | 4 | _aMUSIC |
| 650 | 0 | 4 | _aMUSIC - INSTRUMENT, GUITASS |
| 942 |
_2ddc _cBK |
||
| 999 |
_c12057 _d12057 |
||